| 000 | 00622nam a2200169 i 4500 | ||
|---|---|---|---|
| 001 | 134613 | ||
| 003 | ES-MaACL | ||
| 005 | 20230906194718.0 | ||
| 007 | t| | ||
| 008 | 070912s1938 sp ||||1| spa d | ||
| 100 | 1 |
_aYanguas Messía, José de, _d1890-1974 _9117556 |
|
| 245 | 1 | 0 |
_aBeligerancia no intervención y reconocimiento : texto taquigráfico de las los meses de Noviembre y Diciembre de 1937, completadas y puestas al día por su autor / _cJosé de Yanguas Messía. |
| 260 |
_a[Bilbao : _bTalls. Grijelmo], _c1938. |
||
| 300 |
_a210 p. ; _c24 cm. |
||
| 852 |
_aES-MaACL _jA-4762 |
||
| 999 |
_c134613 _d134613 |
||